Pokemon der Bosse - Statistiken

Allgemein
  • Dieses Quiz wurde 381 mal gespielt
    210 seit der letzten Aktualisierung
  • Das Durchschnittsergebnis liegt bei 54 aus 110
Antwortstatistiken
Hint Antwort % Korrekt
Nidoking
87%
Rizeros
86%
Nidoqueen
85%
G Snobilikat
85%
Iksbat
82%
Rihorn
76%
Camerupt
75%
Golbat
75%
Adrian | Marc Magnayen
75%
Tohaido
74%
Garados
71%
Digdri
70%
FR/BG | OR Smogmog
70%
Hundemon
67%
US/UM Mewtu
66%
Zekrom
65%
Reshiram
64%
HG/SS Kramshef
63%
US/UM Kyogre
58%
AS Sleimok
58%
Bromley Tectass
58%
SM Zubat
58%
Kangama
57%
US/UM Groudon
56%
Cosima / Cassiopeia Nachtara
56%
Pyroleo
56%
Aquana
55%
Blitza
55%
Feelinara
55%
Flamara
55%
Folipurba
54%
Zyrus Kramurx
54%
Snibunna
53%
Trikephalo
53%
US/UM Dialga
52%
Palkia
52%
Nidorino
51%
Smogon
51%
Barrikadax
48%
Giovanni Onix
46%
Skuntank
46%
Irsa Qurtel
45%
Sniebel
45%
Zoroark
44%
G-Cis Echnatoll
42%
Atlas Hunduster
42%
Knattatox
42%
Lucario
42%
Toxiquak
40%
N Felilou
38%
Pinsir
38%
Wie-Shu
38%
US/UM Yveltal
38%
Scherox
37%
Caesurio
36%
Calamanero
36%
Nezz Irokex
36%
Xerneas
36%
Branawarz
34%
Flampion
33%
Ganovil
33%
Symvolara
33%
Bisofank
32%
Gelatwino
32%
Maskeregen
32%
Ariados
31%
Klikdiklak
31%
Flordelis Lin-Fu
31%
S2/W2 Piondragi
31%
Epitaff
30%
Aeropteryx
29%
Pinio Gladiantri
29%
Karippas
27%
Klikk
27%
Praktibalk
27%
Schallquap
27%
Zurrokex
27%
US/UM Donarion
25%
Dusselgurr
25%
Zapplarang
25%
Wattzapf
23%
Backel
22%
Knuddeluff
22%
Otis Azumarill
21%
Magmar
19%
Kastadur
18%
LGE/LGP Lektrobal
16%
Sedimantur
15%
Quartermak
13%
Keine übereinstimmenden Quizze gefunden
Verteilung der Resultate
Anzahl Personen mit jedem Resultat
Perzentil nach korrekt beantworteten Fragen
Ihre Resultats-Entwicklung
Sie haben dieses Quiz seit der letzten Aktualisierung nicht gespielt